[Event "Kendrapara Umar Ali Memorial"]
[Site "Kendrapara"]
[Date "2017.12.26"]
[Round "6"]
[White "Lochan, Kumar Das"]
[Black "Mishra, Soumyaranjan"]
[Result "0-1"]
[WhiteElo "1581"]
[BlackElo "2197"]
[PlyCount "108"]
[EventDate "2017.12.25"]
[EventType "swiss"]
[EventRounds "9"]
[EventCountry "IND"]
[SourceTitle "EXT 2019"]
[Source "ChessBase"]
[SourceDate "2018.10.10"]
[SourceVersion "1"]
[SourceVersionDate "2018.10.10"]
[SourceQuality "1"]

1. e4 Nf6 2. Nc3 d6 3. d4 g6 4. Bd3 Bg7 5. Nf3 Bg4 6. Be3 Nc6 7. a3 0-0 8. Qd2 e5 9. d5 Ne7 10. h3 Bxf3 11. gxf3 Nh5 12. Ne2 c6 13. c4 cxd5 14. cxd5 f5 15. f4 exf4 16. Nxf4 Nxf4 17. Bxf4 fxe4 18. Bxe4 Bxb2 19. Rb1 Bc3 20. Qxc3 Rxf4 21. Bg2 b6 22. 0-0 Nf5 23. Rbe1 Qg5 24. Kh2 Rf8 25. Re6 Qh4 26. Qe1 Qg5 27. Re8 Nd4 28. Qe3 Rxe8 29. Qxe8+ Rf8 30. Qd7 Qf4+ 31. Kg1 Rf7 32. Qd8+ Kg7 33. Qe8 Nb3 34. Qe2 Nd4 35. Qb2 Qf6 36. Qb4 Ne2+ 37. Kh1 Nf4 38. Qe4 Re7 39. Qc4 Qg5 40. Qc3+ Qe5 41. Qd2 Nxg2 42. Kxg2 Qe4+ 43. Kh2 Qe2 44. Qg5 Re5 45. Qg2 Qd2 46. Qg4 Rf5 47. Qh4 Qxd5 48. Qe7+ Rf7 49. Qh4 Qe5+ 50. Kg2 Qf4 51. Qd8 Qf3+ 52. Kg1 Qxh3 53. Re1 Qg4+ 54. Kh1 Qf3+ 0-1

[Event "Puri Odisha op"]
[Site "Puri"]
[Date "2017.12.15"]
[Round "3"]
[White "Lochan, Kumar Das"]
[Black "Mishra, Soumyaranjan"]
[Result "0-1"]
[WhiteElo "1581"]
[BlackElo "2197"]
[PlyCount "51"]
[EventDate "2017.12.14"]
[EventType "swiss"]
[EventRounds "9"]
[EventCountry "IND"]
[SourceTitle "CBM 182 Extra"]
[Source "ChessBase"]
[SourceDate "2018.02.23"]
[SourceVersion "1"]
[SourceVersionDate "2018.02.23"]
[SourceQuality "1"]

1. c4 e5 2. g3 c6 3. Bg2 d5 4. cxd5 cxd5 5. d3 Nf6 6. Nf3 Be7 7. Nc3 h6 8. Qb3 0-0 9. 0-0 Nc6 10. Nd2 Nd4 11. Qd1 Bg4 12. Nb3 Nxb3 13. axb3 d4 14. Ne4 Nxe4 15. Bxe4 Qb6 16. f4 exf4 17. Rxf4 Be6 18. Rf2 Bxb3 19. Qf1 Rac8 20. Qg2 Rxc1+ 21. Rxc1 Bg5 22. Rf4 Ba2 23. Rcf1 Bxf4 24. gxf4 Qxb2 25. Rf3 f5 26. Rg3 0-1